| 000 | 01114nam a2200241Ia 4500 | ||
|---|---|---|---|
| 001 | 271.309 2-PRO al fr (11380) | ||
| 003 | IT-MiSPE | ||
| 008 | 171229s9999||||xx |||||||||||||| ||und|| | ||
| 040 |
_aIT-MiSPE _cIT-MiSPE |
||
| 041 | _aITALIANO | ||
| 100 | _aAlessandro Pronzato | ||
| 245 | 0 |
_aFrancesco e Chiara _bUn'avventura evangelica sognata insieme |
|
| 250 | _a1a ed. (v) | ||
| 260 |
_aPerugia _bEFI _c1994 |
||
| 300 |
_a119 p. _c32 cm |
||
| 501 | _aEdizioni San Paolo srl - Piazza Soncino, 5 - 20092 CINISELLO BALSAMO (MI) (non commercial uses only) ® Copyright 2018 | ||
| 520 | _aAntonio Peris Carbonell (ill.), Francisco Iglesias (com.). Ill. | ||
| 700 | _aAntonio Peris Carbonell | ||
| 700 | _aFrancisco Iglesias | ||
| 942 | _cBK | ||
| 957 | _71 | ||
| 999 |
_a15483 _bNO _g Copie: 1 _c347606 _d347606 |
||